| 000 | 004200000a22001810004500 | ||
|---|---|---|---|
| 003 | MACL | ||
| 005 | 20151230161633.0 | ||
| 008 | 151230b xxu||||| |||| 00| 0 eng d | ||
| 040 |
_aMACL _cMACL |
||
| 041 | _aEnglish | ||
| 082 | _a294.5/BHA | ||
| 100 |
_aBharany, Chhote _925218 |
||
| 245 | _aBhram | ||
| 260 |
_bMacmillan & co _aNew Delhi |
||
| 350 | _a45 | ||
| 650 |
_aReligion _925219 |
||
| 942 |
_cBK _k294.5/bha _2ddc |
||
| 999 |
_c34374 _d34374 |
||